Chainsaw Man Characters - Statistics

General Stats
  • This quiz has been taken 248 times
    213 since last reset
  • The average score is 23 of 66
Answer Stats
Hint Answer % Correct
Main Character Of The Series Chainsaw Hybrid Best 'Friend' Of the Latter Denji Hayakawa
100%
Part of the Main 3 Original Member of Public Safety Special Division 4 Contracted to the Fox Devil, Curse Devil and Future Devil Aki Hayakawa
98%
Head of Public Safety Special Division 4Main Antagonist of Public Safety Saga One of the Four Horsemen Makima
88%
Original Member of Public Safety Special Division 4Long Time Partner of the Former Contracted to the Ghost Devil Himeno
83%
Part of the Main 3 Blood Fiend Excellent Driver Power Hayakawa
80%
Original Member of Public Safety Special Division 4Described as Timid But 'Has the Moves' Terrible Driver But Incredible Dancer Contracted to an Unknown Devil Kobeni Higashiyama
75%
Member of Public Safety Special Division 5Bomb Hybrid Antagonist of Their Own Arc Reze
73%
Member of Public Safety Special Division 4Shortens the Lifespan of Anyone in Direct Physical Contact Angel
69%
Captain of Public Safety Special Division 4Arguably the Strongest Human Devil Hunter Contracted to Knife Devil, Needle Devil and Claw Devil Kishibe
64%
Member of Public Safety Special Division 4Shark Fiend Main Character's Mount Beam
59%
Titular Character 'The Hero Of Hell' Can Erase Devils From Existence Pochita
55%
Devil Contracted to Himeno Allows Use of Invisible Hand in Exchange for Left Eye Ghost Devil
54%
Love Interest of the Main Character Body Inhabited by the Former Loves Marine Life Asa Mitaka
51%
Devil Contracted to Aki Hayakawa and 2 OthersAllows Precognition in Exchange for Witnessing Contractor's death Future Devil
51%
Devil Antagonist of Their Own Arc One of the Most Feared Regular Devils Weaponized by The USA (Of Course) Gun Devil
50%
Member of Public Safety Special Division 5 Bow Hybrid Secondary Antagonist of International Assassins Arc Quanxi
48%
Devil Contracted to Aki Hayakawa and Many OthersSwallows a Target Whole in Exchange for Skin Fox Devil
47%
One of the Four HorsemenFiend / Co-host of the Latter Yoru
46%
One of the Four Horsemen Primal Devil and Strongest Of All Devils Pretended to be the Latter Death Devil
43%
Member of Public Safety Special Division 5 Katana Hybrid Antagonist of Their Own Arc Subjected to a Cruel Game By Numbers 1 and 3 Katana Man
42%
Antagonist of International Assassins ArcContracted with Hell Devil, Doll Devil, Curse Devil and Darkness Devil Santa Claus
42%
Girlfriend of the Former and Latter(s)Cosmos Fiend Cosmo
41%
Devil Antagonist of Their Own Arc Catnapper Bat Devil
39%
One of the Four HorsemenConsumed by and Acts as a Pawn for the Former 'Salvation!' Famine Devil
38%
Reincarnation of the Control Devil Main Character's Adoptive Younger Sister Nayuta
38%
Primal Devil Antagonist of International Assassins ArcContracted to Master Slaughters Many Devil Hunters Darkness Devil
36%
Second Devil Seen on Screen Kills the Main Character Temporarily Zombie Devil
36%
First Devil Seen on Screen Tomato Devil
35%
Devil Contracted to Akane Sawatari Can Swallow or Tail Whip Targets for Fingernails Snake Devil
33%
Devil Contracted to Aki Hayakawa and MasterKills any Target in 3 Stabs in Exchange for a Large Amount of Lifespan Curse Devil
32%
Devil Antagonist of Their Own Arc
Primal Devil
Turned into Clothes
Falling Devil
31%
Devil Antagonist of Their Own Arc Transformed a Hotel Into a Labyrinth Gave up After 3 Days of Combat Eternity Devil
30%
Antagonist of Katana Man Arc Believed They Were Working With Gun Devil Contracted to Snake Devil Akane Sawatari
29%
Member of Public Safety Special Division 5 Flamethrower Hybrid Major Antagonist of Academy Saga Barem Bridge
29%
Member of the Devil Hunter ClubMember of Public Safety Special Division 7 Contracted to the Octopus Devil Hirofumi Yoshida
28%
Devil Lover of the Former Uddertastic Leech Devil
28%
Devil Contracted to Kishibe Knife Devil
27%
Member of Public Safety Special Division 4 Violence Fiend Rumoured to be the Reanimated Corpse of Number 6 Galgali
24%
Devil Antagonist of International Assassins ArcContracted to Master and Anti-Makima Squad Transports Devil Hunters to Hell Hell Devil
24%
Devil With an Arc Named After it in Which it Does not AppearSecondary Antagonist of Falling Devil Arc Justice Devil
24%
Devil Antagonist of International Assassins Arc Contracted to Master Can Turn Corpses Into Puppets Doll Devil
21%
Member of Public Safety Special Division 7 Contracted to the STD Devil and has Clones Great Singer Fumiko Mifune
21%
Devil That Pretends to be the LatterAllows Members of the Chainsaw Man Church to Turn Into Their Own Form Of Justice Fire Devil
20%
Original Member of Public Safety Special Division 4Sacrificed Themself to Save the Former Contracted to the Fox Devil Hirokazu Arai
20%
Girlfriend of the Former(s) and Latter(s)Unknown Fiend Long
20%
Member of Public Safety Special Division 4Spider Devil Princi
20%
Devil Contracted to Kishibe Claw Devil
19%
Devil Contracted to Kishibe Needle Devil
19%
Devil Antagonist of Their Own Arc Primal Devil Agrees to be Consumed by the Chainsaw Devil Aging Devil
18%
Pretender of the Hero of HellConsumed and Works as a Pawn for One of the Horsemen Fake Chainsaw Man
18%
Member of Public Safety Special Division 5 Unnamed Weapon Hybrid Whip Hybrid
17%
Devil Contracted to a Devil Hunter Can Petrify Targets Stone Devil
16%
Member of Public Safety Special Division 5Longsword Hybrid Antagonist of Academy Saga Miri Sugo
15%
The Quiz Maker's Personal Favourite Devil Snubbed of the Limelight by Power Sea Cucumber Devil
15%
Member of Public Safety Special Division 5 Unnamed Weapon Hybrid Spear Hybrid
15%
Kyoto Public Safety Devil Hunter Partner of the Latter Contracted to Punishment Devil Yutaro Kurose
14%
Kyoto Public Safety Devil Hunter Partner of the Former Contracted to Punishment Devil Michiko Tendo
13%
Devil Once Consumed by The Chainsaw Devil but was Rediscovered by America (Of Course) Nuclear Weapons Devil
12%
Devil Contracted to Yutaro Kurose and Michiko Tendo Punishment Devil
10%
Girlfriend of the Former(s)Unknown Fiend Tsugihagi
9%
Member of Public Safety Special Division 7 Fiend Nail Fiend
8%
Brother of the Dancing ExpertGives Denji a Tour of the Chainsaw Man Church Nobana Higashiyama
8%
Supporting Antagonist of International Assassins ArcPrivate Devil Hunter Apprentice of the Former Tolka
8%
Girlfriend of the Former(s) and Latter(s)Unknown Fiend Pingsti
7%
Kyoto Public Safety Devil Hunter Subaru
4%
Member of Devil Hunter ClubMember of Chainsaw Man Church Haruka Iseumi
3%
No matching quizzes found
Score Distribution
Percent of People with Each Score
Percentile by Number Answered
Your Score History
You have not taken this quiz since the last reset